A-Z: words ending in C - Statistics

General Stats
  • This quiz has been taken 70 times
  • The average score is 17 of 26
Answer Stats
Initial letter Clue Word ending in C % Correct
A Curved line, part of the outline of a circle Arc
89%
D Flat round object Disc
89%
F Relating to scientific techniques in the investigation of crime Forensic
89%
Z The 30th element, this metal is added to steel to prevent rusting Zinc
85%
X Having a dislike of foreigners Xenophobic
82%
K Compulsive thief Kleptomaniac
81%
L Insane person Lunatic
81%
T An involuntary nervous twitch Tic
81%
V Referring to eruptions of lava Volcanic
81%
W Someone who expends huge time and effort on their job Workaholic
79%
R A type of government which is not a monarchy Republic
76%
N A sex-mad person Nymphomaniac
74%
J In the style of a newspaper writer Journalistic
73%
G Of the stomach Gastric
71%
P Referring to an organism that lives on (or in) a host organism for its food Parasitic
69%
B Having or denoting an artificial, typically electromechanical, body part Bionic
65%
H Someone who rejects established religious dogma Heretic
65%
S Motionless Static
65%
E Euphoric Ecstatic
55%
O Fictional goblin-like creature Orc
55%
Q Someone who has total paralysis of all four limbs Quadraplegic
44%
U Not showing compassion for someone's troubles Unsympathetic
42%
I Belonging to a thing by its very nature; essential, innate Intrinsic
34%
C Irish slang for a good conversation or other fun Craic
31%
Y Referring to the 70th element (chemical symbol Yb) Ytterbic
23%
M Cassava; an edible, starchy, woody plant Manioc
13%
No matching quizzes found
Score Distribution
Percent of People with Each Score
Percentile by Number Answered
Your Score History
You have not taken this quiz